| 000 | 00343nam a2200133Ia 4500 | ||
|---|---|---|---|
| 008 | 240624s9999 xx 000 0 und d | ||
| 041 | _aeng | ||
| 082 | _a332 CHA | ||
| 100 | _aCHAVA SREEHARI | ||
| 245 | _aIN SEARCH OF COST COMPETENCY | ||
| 260 |
_c2014 _aNagpur _bShantiniketan Business School |
||
| 300 | _a129 : p. : cm. ; 20 | ||
| 365 | _cRS | ||
| 999 |
_c22430 _d22430 |
||